000
00300nam a22001217a 4500
040
_c
PT
082
_a
636 DAV 1980 C278
100
_a
DAVID ALLEN AND BRAN KILLKENNY
245
_a
planned beef production
260
_a
New York
_b
DAVID ALLEN AND BRAN KILLKENNY
_c
1980
300
_a
229p;
942
_c
EK
999
_c
11214
_d
11214